000 00929nam a22001817a 4500
003 OSt
005 20241029124152.0
008 241024s2018 ag ||||| |||| 00| 0 spa d
020 _a9789875040618
040 _cbesoc
100 1 _aAlvarado, Maite,
_d1952-2002,
_eautor
245 1 3 _aEl lecturón 2 :
_bla máquina de hacer lectores /
_cMaite Alvarado ; con la colaboración de Gustavo Bombini ; ilustración de tapa Bianki ; ilustración de interior Brocha
260 _aBuenos Aires :
_bEl Hacedor,
_bQuipu,
_c2012
300 _a140 p.
520 _aOrdenar palabras, oraciones, párrafos, viñetas y títulos, completar espacios donde algo falta, poner a prueba la memoria y buscar información son algunas de las operaciones de lectura que se pondrán en acción con El lecturón II, una máquina de hacer lectores, para jugar a solas o en equipo.- [Contratapa]
650 4 _aEducación
_xLectura
_xEjercicios
942 _2udc
_cLPD
_n0
999 _c365
_d365